Sistemas de Información Gerencial

Bibliographic Details
Main Authors: O Brien. james A., Marakas, George M
Format: Section = Libro
Language:Undetermined
Spanish
Published: Mexico McGraw-Hill 2006
Edition:7a ed.
Subjects:
LEADER 00651nam a2200217Ia 4500
008 240830s9999 xx 000 0 und d
020 |a 0-07-293588-X 
040 |a B-ESTELÍ- RUACS / 658.05 B853 
041 |a spa 
082 |a 658.05 B853 
100 1 |a O Brien. james A. 
100 1 |b Marakas, George M 
245 1 0 |a Sistemas de Información Gerencial 
250 |a 7a ed. 
260 |a Mexico  |b McGraw-Hill  |c 2006 
300 |a 578 p. 
650 7 |a FUNDAMENTOS DE LOS SSITEMA DE INFORMACIÓN EN LOS NEGOCIOS 
650 7 |b ADMINISTARCIÓN EMPRESARIAL Y GLOBAL DE LA TECNOLOGIA DE LA INFORAMCIÓN 
942 |c BK  |2 ddc 
991 |a TEXTO 
999 |c 11435